|
|
|
|
| LEADER |
00000nab a2200000 a 4500 |
| 001 |
vtls008850871 |
| 003 |
SK-MaSNL |
| 005 |
20260304140943.0 |
| 008 |
250505c2006 xo fr|p|||||||000 b|slo |
| 015 |
|
|
|a SNBRB2006/09
|2 snkbucl
|
| 035 |
|
|
|a (uuid)1c7d606d-2683-44ad-a8f0-ef4cb41090ca
|
| 035 |
|
|
|a urn:nbn:sk:snk-abf4t5
|
| 035 |
|
|
|a (urnnbn)urn:nbn:sk:snk:ar-a09ooo
|
| 038 |
|
|
|a SNKBUCL
|
| 040 |
|
|
|a SNKBUCL
|b slo
|c SNKBUCL
|e AACR2
|
| 041 |
0 |
|
|a eng
|b slo
|
| 044 |
|
|
|a xo
|c SK
|
| 080 |
|
|
|a 339.727:339.54:061.1(100:510)
|2 1997
|
| 080 |
|
|
|a 339.54:061.1(100)
|2 1997
|
| 100 |
1 |
|
|a Wörmann, Dennis
|4 aut
|9 1458189
|
| 245 |
1 |
4 |
|a The impact of China's accession to the World Trade Organisation in regard to international finance under consideration of an investor proceeding with foreign direct investments
|c Dennis Wörmann
|
| 246 |
3 |
1 |
|a Dopad prijatia Číny za člena Svetovej obchodnej organizácie (WTO) s ohľadom na medzinárodné financie so špeciálnym zreteľom na konanie investorov v oblasti priamych zahraničných investícií v Číne
|
| 300 |
|
|
|b Graf, tab.
|
| 504 |
|
|
|a Bibliogr. odkazy
|
| 546 |
|
|
|a Súbežný názov slov. ; res. slov.
|
| 610 |
2 |
7 |
|a Svetová obchodná organizácia
|x Čína
|x členstvo
|2 snkbucl
|9 866129
|
| 650 |
0 |
7 |
|a medzinárodné financie
|2 snkbucl
|9 2309
|
| 650 |
0 |
7 |
|a zahraničné investície
|2 snkbucl
|9 2650
|
| 651 |
|
7 |
|a Čína
|2 snkbucl
|9 21369
|
| 773 |
0 |
|
|t Ekonomika a spoločnosť = Journal of Economics and Social Research
|g Roč. 7, č. 1 (2006), s. 43-53
|x 1335-7069
|
| 850 |
|
|
|a Slovenská národná knižnica
|
| 852 |
|
|
|a Slovenská národná knižnica
|
| 958 |
|
|
|a article27
|
| 958 |
|
|
|a NB
|
| 958 |
|
|
|a CN
|
| 958 |
|
|
|a OND
|
| 958 |
|
|
|a EUIPO
|
| 999 |
|
|
|c 2916847
|d 2918777
|